000
00258nam a2200109Ia 4500
008
220204s9999 xx 000 0 und d
082
_a
339.1
_b
HIL
245
0
_a
How to win world markets
260
_a
Ottawa
_b
Queen
_c
1967
700
_a
Hill, Mary
942
_c
BK
999
_c
22216
_d
22216